000 00885nam a22002657a 4500
001 14825407
003 OSt
005 20210929022124.0
008 170206b xxu||||| |||| 00| 0 eng d
010 _a 2007017868
020 _a9780205541294 (pbk.)
020 _a0205541291 (pbk.)
040 _aMMU
_cMMU
_dMMU
_beng
050 0 0 _aGN316
_b.C65 2008
245 0 0 _aConformity and conflict :
_breadings to accompany Miller, Cultural anthropology, 4e /
_c[edited by] James Spradley, David W. McCurdy.
250 _aSpecial ed.
260 _aBoston :
_bPearson/Allyn and Bacon,
_cc2008.
300 _axi, 174 p. :
_bmap ;
_c24 cm.
500 _aIncludes bibliographical references and index.
650 0 _aEthnology.
700 1 _aSpradley, James P.
700 1 _aMcCurdy, David W.
700 1 _aMiller, Barbara D.,
_d1948-
_tCultural anthropology.
_f2006.
942 _2lcc
_cLOAN LOAN
999 _c22029
_d22029